Bombay and the marathas up to 1774 (Record no. 408014)

000 -LEADER
fixed length control field 00415cam a22001217a 4500
008 - FIXED-LENGTH DATA ELEMENTS--GENERAL INFORMATION
fixed length control field 180718b1970 xxu||||| |||| 00| 0 eng d
082 ## - DEWEY DECIMAL CLASSIFICATION NUMBER
Classification number A6x5442 D451
100 ## - MAIN ENTRY--PERSONAL NAME
Personal name Desia,W.S.
245 ## - TITLE STATEMENT
Title Bombay and the marathas up to 1774
Statement of responsibility, etc. by W.S. Desai
260 ## - PUBLICATION, DISTRIBUTION, ETC.
Place of publication, distribution, etc. New Delhi
Name of publisher, distributor, etc. Munshiram Manoharlal
Date of publication, distribution, etc. 1970
300 ## - PHYSICAL DESCRIPTION
Extent xvi, 248p
650 ## - SUBJECT ADDED ENTRY--TOPICAL TERM
Topical term or geographic name entry element East India Company. Maratha (Indic people) --History. Bombay (India : State) --History.
Holdings
Withdrawn status Lost status Damaged status Not for loan Permanent Location Current Location Date acquired Full call number Barcode Date last seen Price effective from Koha item type
        Indian Institute of Public Administration Indian Institute of Public Administration 2008-12-15 A6x5442 D451 DA1953 2018-07-21 2018-07-21 DA

Powered by Koha